| 000 | 00459nam a2200169Ia 4500 | ||
|---|---|---|---|
| 008 | 220216s9999 xx 000 0 und d | ||
| 100 | _aDebaud Fabien | ||
| 245 | 2 | _aA New generation of cost saving curatives | |
| 260 |
_bRubber World _c2005 |
||
| 300 | _a39-42,56 | ||
| 650 | _aControlled speed technology | ||
| 650 | _aPeroxide crosslinking | ||
| 650 | _aScorch protection | ||
| 700 | _aDefrancisci Alfredo | ||
| 700 | _aPalys Leonard H | ||
| 942 | _cJS | ||
| 999 |
_c53430 _d53430 |
||